[路線図付き] JR東日本 相模線 駅名穴埋めクイズ - Statistics

General Stats
  • This quiz has been taken 1,018 times
  • The average score is 14 of 18
Answers on the Map
Answers color-coded by a green-red scale on the quiz's map according to % correct below.
 
Answer Stats
Answer % Correct
相模線 橋本
98%
相模線 茅ヶ崎
97%
相模線 海老名
94%
相模線 厚木
90%
相模線 北茅ヶ崎
89%
相模線 寒川
86%
相模線 南橋本
84%
相模線 上溝
77%
相模線 下溝
75%
相模線 原当麻
74%
相模線 社家
73%
相模線 香川
72%
相模線 相武台下
70%
相模線 倉見
63%
相模線 番田
62%
相模線 門沢橋
62%
相模線 入谷
60%
相模線 宮山
60%
No matching quizzes found
Score Distribution
Percent of People with Each Score
Percentile by Number Answered
Your Score History
You have not taken this quiz